=LDR 00000nam 2200000 4500 =001 INLIS000000000009181 =005 20130612101011 =008 ***********************************Ind** =035 ##$$0010-061300000009181 =041 ##$$a Ind =082 ##$$a 005.369 =090 ##$$a 005.369, Sut-p =100 ##$$a Sutantyo, Winardi =245 ##$$a Panduan lengkap Quartro PRO.30, Winardi Sutantyo =260 ##$$a 1992 $b Jakarta =300 ##$$a xiv, 352 hlm, Ilus, 21 cm =650 ##$$a Komputer program Quartro Pro 3 =650 ##$$a 0 =850 ##$$a NBPNMAT